[Event "First Saturday 2011 aprilis FM-A"]
[Site "Budapest"]
[Date "2011.04.12"]
[Round "11"]
[White "Xu, Fei"]
[Black "Borda, Lajos"]
[Result "1-0"]
[WhiteElo "1909"]
[BlackElo "2135"]
[PlyCount "89"]
[EventDate "2011.04.02"]

1. e4 c5 2. Nf3 a6 3. c3 d5 4. exd5 Qxd5 5. d4 Bf5 6. Be2 Nd7 7. c4 Qd6 8. d5
h6 9. Nc3 Ngf6 10. O-O g5 11. Be3 Bg7 12. Bd3 Bg4 13. Be2 O-O 14. h3 Bh5 15.
Nh2 Bxe2 16. Qxe2 e5 17. dxe6 Qxe6 18. Rad1 Rac8 19. f4 Rfe8 20. Rde1 Ne4 21.
Nxe4 Qxe4 22. Qd2 Nb6 23. b3 Rcd8 24. Qf2 Bd4 25. Bxd4 Qxd4 26. Rxe8+ Rxe8 27.
Qxd4 cxd4 28. fxg5 hxg5 29. Nf3 d3 30. Rd1 Re3 31. Rd2 f6 32. Kf2 Re2+ 33. Rxe2
dxe2 34. Kxe2 Kf7 35. Kd3 Nd7 36. Ke4 Nc5+ 37. Kd5 Nd3 38. Kd6 Nf4 39. Ne1 Ne6
40. Nd3 f5 41. b4 Kf6 42. a4 f4 43. b5 a5 44. c5 Kf5 45. c6 1-0

[Event "First Saturday 2011 aprilis FM-A"]
[Site "Budapest"]
[Date "2011.04.12"]
[Round "11"]
[White "Zala, Gyula"]
[Black "Kiss, Peter"]
[Result "0-1"]
[WhiteElo "2074"]
[BlackElo "1902"]
[PlyCount "128"]
[EventDate "2011.04.02"]

1. e4 c5 2. d3 Nc6 3. g3 g6 4. Bg2 Bg7 5. Ne2 e6 6. f4 d6 7. c3 Nge7 8. Nd2 O-O
9. Nf3 d5 10. e5 h5 11. Bh3 b6 12. Ng5 Bb7 13. d4 cxd4 14. cxd4 Ba6 15. b3 Bxe2
16. Kxe2 Nf5 17. Bxf5 exf5 18. Ba3 Re8 19. Nf3 Qc8 20. Qd3 Qd7 21. Rac1 Rac8
22. Rc2 Bf8 23. Bxf8 Rxf8 24. a3 Rc7 25. Rhc1 Rfc8 26. b4 Nd8 27. Rxc7 Rxc7 28.
Rxc7 Qxc7 29. Kd2 Qd7 30. Ne1 Ne6 31. Nc2 Qa4 32. Ne3 Nc7 33. Kc1 Kg7 34. Kb2
a5 35. Qb3 Qb5 36. bxa5 Qxa5 37. Nc2 Ne6 38. Qb4 Qa6 39. a4 h4 40. Qb3 h3 41.
Qb5 Qxb5+ 42. axb5 g5 43. fxg5 Nxg5 44. Ne3 Nf3 45. Nxd5 Nxh2 46. Nf4 Nf3 47.
Nxh3 Nxd4 48. Nf4 Nxb5 49. Nd5 Nd4 50. Nxb6 Ne2 51. Kc2 Nxg3 52. Nd5 Nh5 53.
Kd3 Kg6 54. Ke3 Kg5 55. Nc7 f4+ 56. Ke4 Ng3+ 57. Kf3 Kf5 58. Nd5 Nh5 59. Nf6
Ng7 60. Ng4 Ne6 61. Nh6+ Kg6 62. Ng4 Kg5 63. Nf6 Kf5 64. Ng4 Nd4+ 0-1